Oeuvres de Paul Bourget : poésies : 1872-1876 /

Saved in:
Bibliographic Details
Main Author: Bourget, Paul (autor)
Format: Book
Language:French
Series:(Oeuvres Lemerre)
Subjects:
Tags: Add Tag
No Tags, Be the first to tag this record!

MARC

LEADER 00000nam^a2200000^a^4500
001 000364449
005 20250526000000.0
009 20260310115617.145
037 |a Acervo ITESO - Biblioteca 
041 |a FRA 
082 |a 841.  |b BOU 
100 |a Bourget, Paul  |e (autor) 
245 1 0 |a Oeuvres de Paul Bourget :  |b poésies : 1872-1876 /  |c P. Bourget. 
264 |a París, Francia :  |b Alphonse Lemerre,  |c fecha no identificada 
300 |a 233 p. ;  |c 17.0 cm. 
336 |a texto  |b txt  |2 rdacontenido 
337 |a sin mediación  |b n  |2 rdamedio 
338 |a volumen  |b nc  |2 rdasoporte 
440 1 |a (Oeuvres Lemerre) 
501 |a Encuadernación particular 
545 0 |a Paul Bourget (Amiens, 1852 – París, 1935), escritor francés cuya obra inicial recibió fuertes influencias de las tesis e ideas psicológicas de la segunda mitad del siglo XIX, y favoreció a su vez la toma de conciencia finisecular. Son referentes que se muestran en sus descripciones de estados psicológicos y en la decadencia que permea muchas de sus atmósferas. Los Ensayos de psicología contemporánea (1883) y la novela El discípulo (1889) se cuentan entre sus escritos más conocidos. Otros de sus títulos son: Cruel enigma (1885), Un corazón de mujer (1890), Cosmópolis (1892), Dramas de familia (1900), Agua profunda (1902), Un divorcio (1904), El demonio del mediodía (1914), El sentido de la muerte (1915), Lazarina (1917) y Némesis (1918), por citar algunos de su vasta producción. 
649 |a XX 
650 |a Poesía Francesa 
650 |a Literatura Francesa 
910 |a Fondo General 
920 |a Impresos - Libros 
930 |a Libros Antiguos y Raros 
940 |a Literatura 
905 |a 108 
901 |a 0500257773  |b IT2  |c LRA  |u 20250526 
902 |a https://opac.biblio.iteso.mx/vufind/Record/000364449